• 首页
  • 本馆介绍
  • 公告通知
  • 最新文献
  • 馆藏检索
  • 电子资源
  • 读者导购
  • 参考咨询
  • 我的图书馆
  • 登录
  • 详细信息显示
  • 放入我的书架
  • 预约/预借图书
  • 作者相关作品
  • 分类相关作品
  • 丛书相关作品
  • 出版社相关作品

书目信息

  • 表格格式
  • 工作单格式
  • 卡片格式
题名:
撒切尔夫人
    
 
作者: 萧燕 编著
分册:  
出版信息: 沈阳   辽海出版社  1998
页数: 226页
开本: 20cm
丛书名: 布老虎传记文库
单 册:
中图分类: K835.617 , K835.617.5
科图分类: 26.151165
主题词:
电子资源:
ISBN: 7-80638-772-2
000 00851nam2 2200301 45
001 0199005161
005 20060928082043.80
009 0199005161
010    @a7-80638-772-2@dCNY15.50
100    @a19990121d1998 demy0chiy0121 ea
101 0  @achi
102    @aCN@b210000
105    @ac z 000yb
200 10 @a撒切尔夫人@Asa qie er fu ren@f萧燕编著@Fxiao yan bian zhu
210    @a沈阳@c辽海出版社@d1998
215    @a226页@c肖像@d20cm
225 2  @a布老虎传记文库@i巨人百传丛书@i政治家卷
300    @a由中国·中外传记文学研究会供稿
410  0 @120010@a巨人百传丛书
410  0 @120010@a布老虎传记文库
600  1 @a撒切尔@bM.H.@x传记
690    @aK835.617@v4
690    @aK835.617.5@v3
692    @a26.151165@v2
701  0 @a萧燕@Axiao yan@4编著
801  0 @aCN@bNLC@c20060928
905    @aBZT@dK835.617@e2
906    @d¥12.10@n0@r1
    
    撒切尔夫人/萧燕编著.-沈阳:辽海出版社,1998
    226页:肖像;20cm.-(布老虎传记文库.巨人百传丛书.政治家卷)
    由中国·中外传记文学研究会供稿
    
    ISBN 7-80638-772-2:CNY15.50
    
●
相关链接 在五车中查询图书 在当当中查询图书 在豆瓣中查询图书


正题名:撒切尔夫人     索取号:K835.617/2         预约/预借

序号 登录号 条形码 馆藏地/架位号 状态 备注
1 391796   210204312   中心书库南/016架A面3层3列/ [索取号:K835.617/2] 在馆    
2 391797   210204303   中心书库南/016架A面3层3列/ [索取号:K835.617/2] 在馆    
3 391798   210204296   中心书库南/016架A面3层3列/ [索取号:K835.617/2] 在馆    
4 391799   210204287   中心书库南/016架A面3层3列/ [索取号:K835.617/2] 在馆    
5 391800   210204278   中心书库南/016架A面3层3列/ [索取号:K835.617/2] 在馆    
6 391801   210204269   中心书库南/016架A面3层3列/ [索取号:K835.617/2] 在馆    
7 391802   210204250   中心书库南/016架A面3层3列/ [索取号:K835.617/2] 在馆    
8 391803   210204241   中心书库南/016架A面3层3列/ [索取号:K835.617/2] 在馆    
9 391804   210204232   中心书库南/016架A面3层3列/ [索取号:K835.617/2] 在馆    
10 391805   210204223   中心书库南/016架A面3层3列/ [索取号:K835.617/2] 在馆    
11 472614   230055796   中心书库南/016架A面3层3列/ [索取号:K835.617/2] 在馆    
12 472615   230055795   中心书库南/016架A面3层3列/ [索取号:K835.617/2] 在馆    
13 472616   230055794   中心书库南/016架A面3层3列/ [索取号:K835.617/2] 在馆    
14 472617   230055793   中心书库南/016架A面3层3列/ [索取号:K835.617/2] 在馆    
15 472618   230055797   中心书库南/016架A面3层3列/ [索取号:K835.617/2] 在馆    
山东省滨州职业学院图书馆 欢迎您!
大连网信软件有限公司© 版权所有